00740nam a2200169 a 450000100100000000500170001000800410002704000250006810000290009324500520012226000490017430000350022350000210025895201050027995201690038499900170055300003838820201002031238.0130410s1966 dr ac 000 0 spa d aDO-SdBNPbspacBNPHU1 aMeléndez, Dario95346910aOrganización del trabajo /cDario Meléndez. aSanto Domingo :bEditora la Nacional,c1966. a229 p. :bil., retrs ;c21 cm. aIncluye índice 0010718PDaPDbPDcHDd2013-04-10iLF1l0o p38388-10r2020-06-25w2020-06-25yLFPDZNo se presta 0010718PDaPDbPDcHDd2015-06-19iLF1l0o p38388-20r2020-06-25te. 2w2020-06-25yLFPDzPerteneció a la biblioteca personal de Carmen Herrera.ZNo se presta c37878d37878